| 000 | 00365nam a2200145Ia 4500 | ||
|---|---|---|---|
| 008 | 150301s2015 xx 000 0 und d | ||
| 082 |
_a615.4 _bR13A |
||
| 100 | _aV.LOYD ALLIN | ||
| 245 | _aRX REMINGTON THE SCIENCE AND PRACTICE OF PHRMACY | ||
| 250 | _a22ND | ||
| 260 | _bPP- PHARMACEUTICAL PRESS | ||
| 300 | _a1950 | ||
| 650 | _aPHARMACEUTICS | ||
| 942 |
_2ddc _cBK |
||
| 999 |
_c7249 _d7249 |
||